Mladí vedci 2007 a workshop Informačno-technologická podpora vzdelávania - ITPV zborník z medzinárodnej vedeckej doktorandskej konferencie s podporou a finančnou pomocou Nadácie Tatra banky

Gespeichert in:
Bibliographische Detailangaben
Körperschaften: Mladí vedci 2007. Medzinárodná doktorandská konferencia, Technická univerzita v Košiciach. Fakulta ekonomická
Format: Buch
Sprache:Slowakisch
Veröffentlicht: Košice Ekonomická fakulta Technickej univerzity v Košiciach 2007
Schlagworte:
Tags: Tag hinzufügen
Keine Tags, Fügen Sie das erste Tag hinzu!

MARC

LEADER 00000nlm$a2200000$$$4500
001 0073922
005 20240109070154.2
020 |a 978-80-8073-948-5 
041 0 |a slo 
245 1 0 |a Mladí vedci 2007 a workshop Informačno-technologická podpora vzdelávania - ITPV  |b zborník z medzinárodnej vedeckej doktorandskej konferencie s podporou a finančnou pomocou Nadácie Tatra banky 
264 1 |a Košice  |b Ekonomická fakulta Technickej univerzity v Košiciach  |c 2007 
300 |a CD-ROM 
610 2 0 |a financie verejné 
610 2 0 |a financie podnikové 
610 2 0 |a financie 
610 2 0 |a trh finančný 
610 2 0 |a účtovníctvo 
610 2 0 |a technológie informačné 
110 2 |a Mladí vedci 2007. Medzinárodná doktorandská konferencia 
710 2 |a Technická univerzita v Košiciach. Fakulta ekonomická